Clonal and seasonal variations in osmotic concentration of latex and lutoid serums of Hevea brasiliensis Muell. Arg. (Record no. 52891)

MARC details
000 -LEADER
fixed length control field 00555nam a2200145Ia 4500
100 ## - MAIN ENTRY--AUTHOR NAME
Personal name Satheesan K.V.
245 #0 - TITLE STATEMENT
Title Clonal and seasonal variations in osmotic concentration of latex and lutoid serums of Hevea brasiliensis Muell. Arg.
260 ## - PUBLICATION, DISTRIBUTION, ETC. (IMPRINT)
Name of publisher Placrosym V, 1982, Kasaragod, India. (Ed. K.V. Ahmed Bavappa). Indian Society for Plantation Crops, Kasaragod, India, pp. 240-246.
Year of publication 1984
650 ## - SUBJECT ADDED ENTRY--TOPICAL TERM
Topical Term Clone evaluation
650 ## - SUBJECT ADDED ENTRY--TOPICAL TERM
Topical Term Lutoid
700 ## - ADDED ENTRY--PERSONAL NAME
Personal name Rao G.G.
700 ## - ADDED ENTRY--PERSONAL NAME
Personal name Sethuraj M.R.
942 ## - ADDED ENTRY ELEMENTS (KOHA)
Koha item type Bibliography STAF
Holdings
Withdrawn status Lost status Damaged status Not for loan Home library Current library Date acquired Koha item type
      Bibliography RRII Library RRII Library 09/04/2014 Bibliography STAF